000 01683cam a22004454i 4500
003 PE-LiUPU
005 20250731173442.0
008 150616s r 000 0 d
035 _a(Sirsi) a577
040 _aPE-LiUPU
_bspa
_cPE-LiUPU
_erda
049 _aPRUA
082 0 4 _a290
_bL92
_221
100 1 _aLuce, Henry R.,
_eautor.
245 1 4 _aThe world's great religions.
264 1 _aWisconsin :
_bGolden Press,
_c1974.
300 _a192 páginas :
_bilustraciones ;
_c28 cm
336 _atext
_2rdacontent
337 _aunmediated
_2rdamedia
338 _avolume
_2rdacarrier
505 0 _aHow mankind worships -- The spirit of hinduism -- The path of buddhism -- The philosophy of China -- The world of islam -- The law of Judaism -- The faith of christianity -- The life of christ -- Christ risen -- Palestine, the country of God -- The onward march of christian faith -- The Bible, most sacred of books -- The christian sacraments.
526 _aSEG42
526 _aSEG41
526 _aSEG40
526 _aSEG39
526 _aP94
526 _aP87
526 _aP86
526 _aP85
526 _aP77
526 _aP76
526 _aP35
650 0 4 _aReligiones.
910 _ajck
_bjvq
_cjck
942 _2ddc
_cBOOK
949 _a290 L92
_wDEWEY
_c1
_i26246
_lCCODEBUL1
_mBUL
_p00.00
_r0
_sY
_tBOOK
_u19860826
_xTEOLOGIA
_zUNKNOWN
_0COMPRA
_o.STAFF. Colección General
994 _aC0
_bPEPRU
596 _a1
999 _a290 L92
_wDEWEY
_c56833
_i26246
_f2021-11-11
_g5
_lCCODEBUL1
_mBUL
_r0
_sY
_tBOOK
_u2015-6-16
_xTEOLOGIA
_zUNKNOWN
_0COMPRA
_o.STAFF. Colección General
_d56833
980 _81
_gALBERTO SANCHEZ Responsable de Automatización